[Event "Olimpiade 2014 - Open"]
[Site "Tromsø"]
[Date "14.08.2014"]
[Round "11.22"]
[Board "3"]
[White "Seitaj, Ilir"]
[Black "Martinez Romero, Martin"]
[Result "1/2-1/2"]
[WhiteTitle "IM"]
[BlackTitle "IM"]
[WhiteElo "2382"]
[BlackElo "2387"]
[WhiteTeam "Albania"]
[BlackTeam "Colombia"]
[WhiteFideId "4700031"]
[BlackFideId "4404025"]
[EventDate "2014.08.02"]

1. e4 e5 2. Nf3 Nc6 3. Nc3 Nf6 4. Bb5 d6 5. d4 exd4 6. Nxd4 Bd7 7. Bxc6 bxc6 8.
O-O Be7 9. Re1 O-O 10. h3 Re8 11. Bf4 Rb8 12. Rb1 c5 13. Nf3 Be6 14. e5 dxe5 15.
Qxd8 Rexd8 16. Bxe5 Rd7 17. Rbd1 Rbd8 18. Rxd7 Rxd7 19. Bf4 Bd6 20. Ne5 Rd8 21.
Nc6 Ra8 22. Bxd6 cxd6 23. Nb5 Bd7 24. Ncxa7 Bxb5 25. Nxb5 Rxa2 26. Nxd6 Rxb2 27.
c4 Rd2 28. Nb7 Rc2 29. Ra1 g6 30. Nd6 Rd2 31. Ra6 Kg7 32. Rc6 Rd1+ 33. Kh2 Rd4
34. Nb7 Rxc4 35. Rxc5 1/2-1/2

[Event "Olimpiade 2014 - Open"]
[Site "Tromsø"]
[Date "14.08.2014"]
[Round "11.22"]
[Board "4"]
[White "Sanchez, Sebastian Felipe"]
[Black "Pasku, Llambi"]
[Result "1-0"]
[WhiteTitle "IM"]
[WhiteElo "2391"]
[BlackElo "2061"]
[WhiteTeam "Colombia"]
[BlackTeam "Albania"]
[WhiteFideId "4403304"]
[BlackFideId "4700570"]
[EventDate "2014.08.02"]

1. e4 c6 2. Nc3 d5 3. Nf3 Bg4 4. h3 Bxf3 5. Qxf3 e6 6. d3 Nf6 7. Bd2 Bb4 8. e5
Nfd7 9. Qg4 Bf8 10. f4 g6 11. h4 h5 12. Qh3 b5 13. Be2 Be7 14. Bf3 b4 15. Ne2 c5
16. O-O-O Nc6 17. g4 hxg4 18. Qxg4 Qa5 19. Kb1 O-O-O 20. h5 g5 21. fxg5 Ncxe5
22. Qg3 Rdg8 23. Bg2 Bxg5 24. Bxg5 f6 25. Nf4 Rxg5 26. Qf2 Qb6 27. Bh3 f5 28.
Rdg1 Nf7 29. Qe3 Qd6 30. Nxe6 Rgxh5 31. Ng7 Qh6 32. Qxh6 R5xh6 33. Bg2 Rxh1 34.
Bxh1 f4 35. Bxd5 Ng5 36. Rxg5 Nf6 37. b3 Nxd5 38. Rxd5 Rf8 39. Ne6 1-0

[Event "Olimpiade 2014 - Open"]
[Site "Tromsø"]
[Date "14.08.2014"]
[Round "11.23"]
[Board "1"]
[White "Pelletier, Yannick"]
[Black "Predojevic, Borki"]
[Result "1/2-1/2"]
[WhiteTitle "GM"]
[BlackTitle "GM"]
[WhiteElo "2578"]
[BlackElo "2604"]
[WhiteTeam "Switzerland"]
[BlackTeam "Bosnia & Herzegovina"]
[WhiteFideId "1301837"]
[BlackFideId "930849"]
[EventDate "2014.08.02"]

1. d4 d6 2. c4 e5 3. e3 Be7 4. Nc3 c6 5. Bd3 Nf6 6. Nge2 O-O 7. O-O Re8 8. Qc2
Na6 9. a3 exd4 10. exd4 Nc7 11. h3 d5 12. c5 Ne6 13. Be3 g6 14. Qd2 Nh5 15. g4
Nhg7 16. f4 f5 17. g5 Nh5 18. b4 Qd7 19. h4 Bd8 20. Kg2 Bc7 21. Ng1 Neg7 22.
Nce2 Qe7 23. Kf2 Ne6 24. Nf3 Bd7 25. Ne5 Rad8 26. Kg2 b6 27. Bc2 bxc5 28. bxc5
Bxe5 29. fxe5 Bc8 30. Nf4 Nhxf4+ 31. Bxf4 Ba6 1/2-1/2

[Event "Olimpiade 2014 - Open"]
[Site "Tromsø"]
[Date "14.08.2014"]
[Round "11.23"]
[Board "2"]
[White "Dizdarevic, Emir"]
[Black "Gallagher, Joseph G."]
[Result "1/2-1/2"]
[WhiteTitle "GM"]
[BlackTitle "GM"]
[WhiteElo "2522"]
[BlackElo "2473"]
[WhiteTeam "Bosnia & Herzegovina"]
[BlackTeam "Switzerland"]
[WhiteFideId "14400049"]
[BlackFideId "1303422"]
[EventDate "2014.08.02"]

1. Nf3 Nf6 2. g3 g6 3. b3 Bg7 4. Bb2 d6 5. d4 c5 6. Bg2 cxd4 7. Nxd4 d5 8. c4 e5
9. Nc2 d4 10. e3 d3 11. Nb4 e4 12. Nd2 O-O 13. O-O Nbd7 14. Nd5 Nxd5 15. Bxg7
Nxe3 16. fxe3 Kxg7 17. Nxe4 Ne5 18. Nf2 Qb6 19. Qd2 Bf5 20. Bd5 Rad8 21. Kg2 Be6
22. e4 Qd4 23. Rac1 b5 24. Qc3 Qxc3 25. Rxc3 bxc4 26. bxc4 Rc8 27. Bxe6 fxe6 28.
Nxd3 Rxf1 29. Kxf1 Rxc4 30. Rxc4 Nxc4 31. Ke2 1/2-1/2

[Event "Olimpiade 2014 - Open"]
[Site "Tromsø"]
[Date "14.08.2014"]
[Round "11.23"]
[Board "3"]
[White "Georgiadis, Nico"]
[Black "Stojanovic, Dalibor"]
[Result "1/2-1/2"]
[WhiteTitle "IM"]
[BlackTitle "GM"]
[WhiteElo "2448"]
[BlackElo "2503"]
[WhiteTeam "Switzerland"]
[BlackTeam "Bosnia & Herzegovina"]
[WhiteFideId "1300113"]
[BlackFideId "922692"]
[EventDate "2014.08.02"]

1. e4 c5 2. Nf3 Nc6 3. Nc3 d6 4. d4 cxd4 5. Nxd4 Nf6 6. Bg5 e6 7. Qd2 Qb6 8.
O-O-O Qxd4 9. Qxd4 Nxd4 10. Rxd4 a6 11. f4 Be7 12. Be2 Bd7 13. Bf3 Bc6 14. Rhd1
h6 15. Bxf6 gxf6 16. Bh5 Rg8 17. g3 Rc8 18. a4 Bd7 19. Be2 Rc5 20. R4d3 a5 21.
Re3 Bc6 22. b3 f5 23. exf5 Rxf5 24. Nb5 Bxb5 25. Bxb5+ Kd8 26. Be2 Rc5 27. c3
Kc7 28. Kc2 Bf6 29. Rdd3 d5 30. Kd2 Kb6 31. Rf3 Rgc8 32. Bd1 Bg7 33. Be2 f6 34.
c4 f5 35. Rfe3 R8c6 36. Bf3 d4 37. Re1 Rd6 38. Kc2 Rc7 39. Rd2 Kc5 40. Kd3 Rb6
41. Bd1 Re7 1/2-1/2

[Event "Olimpiade 2014 - Open"]
[Site "Tromsø"]
[Date "14.08.2014"]
[Round "11.23"]
[Board "4"]
[White "Kadric, Denis"]
[Black "Kurmann, Oliver"]
[Result "1/2-1/2"]
[WhiteTitle "IM"]
[BlackTitle "IM"]
[WhiteElo "2473"]
[BlackElo "2423"]
[WhiteTeam "Bosnia & Herzegovina"]
[BlackTeam "Switzerland"]
[WhiteFideId "14403803"]
[BlackFideId "1308173"]
[EventDate "2014.08.02"]

1. e4 c5 2. Nf3 e6 3. d4 cxd4 4. Nxd4 a6 5. Nc3 b5 6. Bd3 Qb6 7. Nb3 Qc7 8. O-O
Bb7 9. Be3 Nf6 10. f4 d6 11. e5 dxe5 12. fxe5 Nfd7 13. Rxf7 Kxf7 14. Qh5+ Kg8
15. Rf1 g6 16. Qg4 Nxe5 17. Qxe6+ Nf7 18. Ne4 Qe7 19. Nf6+ Kg7 20. Nd4 Bc8 21.
Nh5+ Kg8 22. Nf6+ Kg7 23. Nh5+ Kg8 24. Nf6+ Kg7 25. Nh5+ 1/2-1/2

[Event "Olimpiade 2014 - Open"]
[Site "Tromsø"]
[Date "14.08.2014"]
[Round "11.24"]
[Board "1"]
[White "Jobava, Baadur"]
[Black "Lenic, Luka"]
[Result "1/2-1/2"]
[WhiteTitle "GM"]
[BlackTitle "GM"]
[WhiteElo "2713"]
[BlackElo "2659"]
[WhiteTeam "Georgia"]
[BlackTeam "Slovenia"]
[WhiteFideId "13601520"]
[BlackFideId "14603853"]
[EventDate "2014.08.02"]

1. d4 Nf6 2. c4 e6 3. Nf3 b6 4. a3 Bb7 5. Nc3 d5 6. Qc2 Be7 7. cxd5 Nxd5 8. Bd2
O-O 9. Rd1 Nxc3 10. Bxc3 Qd5 11. g3 Nd7 12. Bg2 Nf6 13. O-O Qf5 14. Qxf5 exf5
15. Ne5 Bxg2 16. Kxg2 Nd5 17. Bd2 Rfe8 18. Kf3 Bd6 19. Nc6 Re6 20. Rc1 a5 21. h4
f6 22. Rc2 Kf7 23. Bf4 Bf8 24. Rfc1 Ke8 25. e3 g6 26. g4 fxg4+ 27. Kxg4 Nxf4 28.
Kxf4 Bd6+ 29. Kf3 f5 30. Ke2 Kd7 31. Ne5+ Rxe5 32. dxe5 Bxe5 33. Rg1 Ke6 34. h5
Kf7 35. a4 Bd6 36. Rc4 b5 37. axb5 Rb8 38. Kd3 Rxb5 39. Kc2 Be5 40. b3 Bd6 41.
hxg6+ hxg6 42. Rc6 Kf6 43. Rh1 g5 44. Rh6+ Kg7 45. Rh5 Kg6 46. Rh8 Kf6 47. Rh7
Ke5 48. Rc4 Kf6 49. Rc6 Ke5 50. Rg7 g4 51. Rc4 Kf6 52. Rh7 Rd5 53. Rh1 Re5 54.
Rg1 Ke6 55. Kd3 Rb5 56. Kc2 Re5 57. Kd3 Rb5 58. Kc2 1/2-1/2

[Event "Olimpiade 2014 - Open"]
[Site "Tromsø"]
[Date "14.08.2014"]
[Round "11.24"]
[Board "2"]
[White "Beliavsky, Alexander G"]
[Black "Mchedlishvili, Mikheil"]
[Result "1/2-1/2"]
[WhiteTitle "GM"]
[BlackTitle "GM"]
[WhiteElo "2618"]
[BlackElo "2618"]
[WhiteTeam "Slovenia"]
[BlackTeam "Georgia"]
[WhiteFideId "14602377"]
[BlackFideId "13600966"]
[EventDate "2014.08.02"]

1. Nf3 Nf6 2. c4 g6 3. Nc3 d5 4. cxd5 Nxd5 5. e4 Nxc3 6. bxc3 Bg7 7. Be2 c5 8.
Qa4+ Nd7 9. d4 O-O 10. O-O cxd4 11. cxd4 Nc5 12. dxc5 Bxa1 13. e5 Qc7 14. Bf4
Bc3 15. Rc1 Qa5 16. Qc4 Bb2 17. Bd2 Qc7 18. Re1 Be6 19. Qh4 f6 20. Bc4 Bxc4 21.
Qxc4+ e6 22. exf6 Bxf6 23. Bf4 Qf7 24. Bd6 Be7 25. h4 Rad8 26. Bxe7 Qxe7 27. Ng5
Qf6 28. Nxe6 Qxf2+ 29. Kh2 Qxe1 30. Nxd8+ Kh8 31. Qd4+ Kg8 32. Qd5+ Kh8 33. Qd4+
Kg8 1/2-1/2

[Event "Olimpiade 2014 - Open"]
[Site "Tromsø"]
[Date "14.08.2014"]
[Round "11.24"]
[Board "3"]
[White "Nigalidze, Gaioz"]
[Black "Borisek, Jure"]
[Result "1/2-1/2"]
[WhiteTitle "GM"]
[BlackTitle "GM"]
[WhiteElo "2542"]
[BlackElo "2569"]
[WhiteTeam "Georgia"]
[BlackTeam "Slovenia"]
[WhiteFideId "13603078"]
[BlackFideId "14603152"]
[EventDate "2014.08.02"]

1. d4 Nf6 2. c4 e6 3. Nf3 d5 4. e3 c5 5. Nc3 Nc6 6. a3 a6 7. cxd5 exd5 8. Be2 c4
9. O-O Bd6 10. e4 dxe4 11. Ng5 Bf5 12. Bxc4 O-O 13. Re1 Bc7 14. Ngxe4 Nxe4 15.
Nxe4 Qxd4 16. Qxd4 Nxd4 17. Bd3 Nb3 18. Rb1 Ba5 19. Rd1 Rfd8 20. f3 Bxe4 21.
fxe4 Nc5 22. b4 Bxb4 23. Be2 Rxd1+ 24. Bxd1 Ba5 25. Be3 Nxe4 26. Rxb7 Nd6 27.
Rd7 Rd8 28. Rxd8+ Bxd8 29. Be2 a5 30. Bd3 Nc8 31. Ba6 Ne7 32. Kf2 Bc7 33. g3 Nd5
34. Bc4 Nf6 35. Kf3 h5 36. Bd4 Ng4 37. h3 Ne5+ 38. Bxe5 Bxe5 1/2-1/2

[Event "Olimpiade 2014 - Open"]
[Site "Tromsø"]
[Date "14.08.2014"]
[Round "11.24"]
[Board "4"]
[White "Tratar, Marko"]
[Black "Shanava, Konstantine"]
[Result "1/2-1/2"]
[WhiteTitle "GM"]
[BlackTitle "GM"]
[WhiteElo "2490"]
[BlackElo "2563"]
[WhiteTeam "Slovenia"]
[BlackTeam "Georgia"]
[WhiteFideId "14600684"]
[BlackFideId "13601784"]
[EventDate "2014.08.02"]

1. Nf3 c5 2. c4 Nc6 3. d4 cxd4 4. Nxd4 g6 5. e4 Bg7 6. Be3 Nf6 7. Nc3 O-O 8. Be2
b6 9. O-O Bb7 10. f3 e6 11. Nxc6 Bxc6 12. Qd6 Qb8 13. Qxb8 Rfxb8 14. Rfd1 a6 15.
a4 Ne8 16. Bd4 Bxd4+ 17. Rxd4 e5 18. Rd2 a5 19. h4 Kf8 20. Rf1 Nc7 21. Bd1 Ne6
22. g3 Nc5 23. Bc2 Re8 24. Kf2 Kg7 25. Ke3 h5 26. Rdf2 Re7 27. Rb1 Ree8 28. Rbf1
Re7 29. Rb1 Ree8 30. Rbf1 Re7 31. Rb1 1/2-1/2

[Event "Olimpiade 2014 - Open"]
[Site "Tromsø"]
[Date "14.08.2014"]
[Round "11.25"]
[Board "1"]
[White "Urkedal, Frode"]
[Black "Nyback, Tomi"]
[Result "0-1"]
[WhiteTitle "IM"]
[BlackTitle "GM"]
[WhiteElo "2500"]
[BlackElo "2591"]
[WhiteTeam "Norway 2"]
[BlackTeam "Finland"]
[WhiteFideId "1506102"]
[BlackFideId "503142"]
[EventDate "2014.08.02"]

1. d4 d5 2. c4 c6 3. Nf3 Nf6 4. Nc3 dxc4 5. a4 Bf5 6. e3 e6 7. Bxc4 Bb4 8. O-O
Nbd7 9. Nh4 Bg4 10. f3 Bh5 11. g4 Bg6 12. Nxg6 hxg6 13. e4 Qc7 14. Qe2 e5 15. g5
exd4 16. gxf6 gxf6 17. Na2 Bd6 18. f4 O-O-O 19. Bxf7 g5 20. Be6 Kb8 21. Qf3 Rh4
22. Bxd7 Qxd7 23. Bd2 gxf4 24. Rf2 Rh3 25. Qg2 Qe6 26. e5 fxe5 27. Qe4 Rg8+ 28.
Kh1 f3 29. Nb4 c5 30. Nd3 Qg6 31. Re1 Qxe4 32. Rxe4 Rg2 33. Rxg2 fxg2+ 34. Kxg2
Rxd3 35. Bg5 Rb3 36. h4 Rxb2+ 37. Kg3 d3 38. h5 d2 39. Bxd2 Rxd2 40. h6 Be7 41.
h7 Bf6 42. Rg4 Rd8 0-1

[Event "Olimpiade 2014 - Open"]
[Site "Tromsø"]
[Date "14.08.2014"]
[Round "11.25"]
[Board "2"]
[White "Agopov, Mikael"]
[Black "Hansen, Torbjorn Ringdal"]
[Result "1/2-1/2"]
[WhiteTitle "IM"]
[BlackTitle "IM"]
[WhiteElo "2431"]
[BlackElo "2450"]
[WhiteTeam "Finland"]
[BlackTeam "Norway 2"]
[WhiteFideId "501840"]
[BlackFideId "1501720"]
[EventDate "2014.08.02"]

1. Nf3 d6 2. d4 Nf6 3. Nc3 Bf5 4. Nh4 Bd7 5. e4 e5 6. Nf3 exd4 7. Nxd4 Be7 8. g3
Nc6 9. Nde2 h5 10. h3 Ne5 11. Bg2 c6 12. f4 Ng6 13. Be3 b5 14. Qd2 b4 15. Nd1 d5
16. Nf2 dxe4 17. Nxe4 O-O 18. Nxf6+ Bxf6 19. Bd4 Bf5 20. O-O-O Re8 21. Kb1 Rc8
22. Bc5 Qa5 23. Bxb4 Qb5 24. Nc1 Rcd8 25. Nd3 c5 26. Ba3 c4 27. Qb4 cxd3 28.
Qxb5 dxc2+ 29. Kc1 cxd1=Q+ 30. Rxd1 Rc8+ 31. Bc6 Be4 32. Rd6 Ne7 33. Bc5 Nxc6
34. b4 a5 35. a3 axb4 36. axb4 Nd4 37. Qc4 Ne6 38. Rd7 Bg6 39. g4 Nxc5 40. bxc5
Re4 41. Qb5 hxg4 42. hxg4 Rxf4 43. c6 Rxg4 44. c7 Rg1+ 45. Kd2 Rg2+ 46. Kd1 Re8
47. Re7 Rg1+ 48. Kd2 Rg2+ 49. Kd1 Bh5+ 50. Kc1 Rg1+ 51. Kd2 Rg2+ 52. Kc1 Rf8 53.
Re8 Bb2+ 54. Qxb2 Rg1+ 55. Kd2 Rxe8 56. Qb8 Rd1+ 57. Kc2 Rxb8 58. cxb8=Q+ Kh7
59. Qe5 Rh1 60. Kd2 Bg6 61. Ke2 f6 62. Qb8 Rh5 63. Kf2 Re5 64. Kg3 Bf5 65. Qa8
Kg6 66. Kf4 Re4+ 67. Kf3 Re5 68. Kf4 Bd7 69. Qb7 Bb5 70. Qb6 Kh6 71. Qb8 g5+ 72.
Kg3 Kg7 73. Qc7+ Kg6 74. Qb8 Be8 75. Qd6 Bf7 76. Kg4 Re4+ 77. Kf3 Re6 78. Qd3+
f5 79. Qb1 g4+ 80. Kg3 Re3+ 81. Kf4 Re4+ 82. Kg3 Kg5 83. Qb5 Re3+ 84. Kf2 Rf3+
85. Kg2 Re3 86. Kf2 Rb3 87. Qe5 Bg6 88. Qe7+ Kh5 89. Qf6 Rf3+ 90. Kg2 Rd3 91.
Kh2 Rd7 92. Kg3 Rd3+ 93. Kh2 Rd2+ 94. Kg3 Rd3+ 95. Kh2 Rd2+ 96. Kg3 Rd3+ 1/2-1/2

[Event "Olimpiade 2014 - Open"]
[Site "Tromsø"]
[Date "14.08.2014"]
[Round "11.25"]
[Board "3"]
[White "Tari, Aryan"]
[Black "Sipila, Vilka"]
[Result "1/2-1/2"]
[WhiteTitle "IM"]
[BlackTitle "IM"]
[WhiteElo "2440"]
[BlackElo "2425"]
[WhiteTeam "Norway 2"]
[BlackTeam "Finland"]
[WhiteFideId "1510045"]
[BlackFideId "505455"]
[EventDate "2014.08.02"]

1. d4 Nf6 2. c4 c6 3. Nc3 d5 4. Nf3 Nbd7 5. cxd5 Nxd5 6. e4 Nxc3 7. bxc3 e5 8.
Bc4 b5 9. Bb3 exd4 10. cxd4 Bb4+ 11. Bd2 Bxd2+ 12. Qxd2 O-O 13. O-O Bb7 14. Rac1
Qe7 15. Rfe1 Rad8 16. Qa5 Nb6 17. Qxa7 Na4 18. Qa5 Kh8 19. Qd2 Nb6 20. Qa5 Na4
21. Qd2 Nb6 22. Qf4 f6 23. Qe3 Nd7 24. Nh4 g6 25. Rc3 Qg7 26. Qh3 Nb6 27. Be6
Qh6 28. Rg3 g5 29. Nf5 Qxh3 30. Rxh3 Nc8 31. Ree3 g4 32. Rh4 Nd6 33. Ne7 Rfe8
34. Ng6+ Kg7 35. Nf4 Bc8 36. Rxg4+ Kh8 37. Bxc8 Rxc8 38. Nd3 Ra8 39. Nb4 Ra4 40.
a3 Nc4 41. Rf3 Rc8 42. Rb3 Nxa3 43. h4 Nc4 44. Nd3 Rd8 45. Nb4 Na5 46. Nxc6 Nxc6
47. Rxb5 Nxd4 48. Rb7 Ne2+ 49. Kh2 Rg8 50. Rxg8+ Kxg8 51. Rb8+ Kg7 52. Rb7+ Kh6
53. Re7 Nf4 54. Kg3 Ng6 55. Re6 Kg7 56. f3 h5 57. Rb6 Ne5 58. Rb2 Kg6 59. Rc2
Ra1 60. Rd2 Nc4 61. Rc2 Ne5 62. Rd2 Ra8 63. Kf4 Kf7 64. Rc2 Ke6 65. Kg3 Nd3 66.
Rd2 Ra3 67. Rc2 Ke5 68. Rc7 Ra2 69. Re7+ Kd4 70. Re6 Ne1 71. Rxf6 Ke3 72. Rf5
Rxg2+ 73. Kh3 Rg1 74. Rxh5 Nxf3 75. Ra5 Rg8 76. e5 Ng1+ 77. Kh2 Kf2 78. Ra2+ Ne2
79. h5 Rg5 80. Kh3 Kf3 81. Ra3+ Ke4 82. Ra4+ Kf5 83. h6 Nf4+ 84. Kh2 Rg2+ 85.
Kh1 Rg4 86. Ra8 Ke4 87. h7 Rh4+ 88. Kg1 Rxh7 89. Ra4+ Kf3 90. Ra3+ Kg4 91. Ra8
Rh3 92. Kf2 Rf3+ 93. Ke1 Rd3 94. e6 Kf3 95. Rf8 Re3+ 96. Kd2 Rxe6 97. Rf7 Rd6+
98. Kc3 Rd8 99. Kc4 Ke4 100. Re7+ Kf5 101. Re1 Ng6 102. Rf1+ Ke6 103. Re1+ Ne5+
104. Kc3 Rc8+ 105. Kb4 Kd5 106. Rd1+ Ke4 107. Kb5 Rb8+ 108. Kc5 Nd3+ 109. Kd6
Rd8+ 110. Ke7 Rd5 111. Rh1 Nf4 112. Re1+ Kf5 113. Rf1 Rd2 114. Rf3 Ke4 115. Ra3
Ke5 116. Re3+ Kd5 117. Re1 Ne2 118. Kf6 Nc3 119. Re5+ Kd4 120. Ra5 Ne4+ 121. Ke6
Re2 122. Ra4+ Kc5 123. Kf5 Kd5 124. Ra5+ Nc5 125. Kf4 Rf2+ 126. Ke3 Rf8 127. Ra7
Re8+ 128. Kf4 Kd4 129. Kg3 Ke3 130. Ra3+ Ke4 131. Ra7 Rg8+ 132. Kf2 Nd3+ 133.
Ke2 Rg2+ 134. Kd1 Ke3 135. Re7+ Kd4 136. Rd7+ Ke4 137. Rd4+ Ke3 138. Re4+ Kf3
139. Re3+ Kxe3 1/2-1/2

[Event "Olimpiade 2014 - Open"]
[Site "Tromsø"]
[Date "14.08.2014"]
[Round "11.25"]
[Board "4"]
[White "Ebeling, Daniel"]
[Black "Salomon, Johan"]
[Result "1-0"]
[WhiteTitle "FM"]
[WhiteElo "2445"]
[BlackElo "2353"]
[WhiteTeam "Finland"]
[BlackTeam "Norway 2"]
[WhiteFideId "505170"]
[BlackFideId "1509500"]
[EventDate "2014.08.02"]

1. Nf3 Nf6 2. c4 c5 3. Nc3 e6 4. g3 b6 5. Bg2 Bb7 6. O-O Be7 7. Re1 d5 8. cxd5
Nxd5 9. e4 Nxc3 10. bxc3 O-O 11. d4 cxd4 12. cxd4 Nc6 13. Bb2 Na5 14. Qe2 Rc8
15. Ne5 f6 16. Nd3 Nc4 17. Nf4 Nxb2 18. Nxe6 Qd6 19. Nxf8 Qxd4 20. Ne6 Qc3 21.
Qg4 g6 22. Nf4 Qd4 23. Qe6+ Kf8 24. e5 Rc2 25. Qxf6+ Kg8 26. Ne6 Bxf6 27. Nxd4 1-0

[Event "Olimpiade 2014 - Open"]
[Site "Tromsø"]
[Date "14.08.2014"]
[Round "11.26"]
[Board "1"]
[White "Iturrizaga Bonelli, Eduardo"]
[Black "Ismagambetov, Anuar"]
[Result "1/2-1/2"]
[WhiteTitle "GM"]
[BlackTitle "GM"]
[WhiteElo "2653"]
[BlackElo "2531"]
[WhiteTeam "Venezuela"]
[BlackTeam "Kazakhstan"]
[WhiteFideId "3901211"]
[BlackFideId "13701525"]
[EventDate "2014.08.02"]

1. c4 Nf6 2. Nc3 e5 3. Nf3 Nc6 4. a3 d6 5. g3 g6 6. Bg2 Bg7 7. d3 O-O 8. Bd2 Bg4
9. h3 Be6 10. Ng5 Bd7 11. b4 Rb8 12. O-O h6 13. Nf3 Nh5 14. e4 Ne7 15. Be3 b6
16. Qd2 Kh7 17. d4 Be6 18. dxe5 dxe5 19. Qxd8 Rbxd8 20. Nd5 Rd7 21. Rac1 f5 22.
Nxe7 Rxe7 23. exf5 gxf5 24. Rfe1 Rd8 25. c5 Bf6 26. cxb6 cxb6 27. Red1 Rg8 28.
Kh2 Reg7 29. Rc6 Bb3 30. Rdd6 f4 31. Nd2 fxe3 32. Nxb3 e2 33. Rc1 Rf8 34. Be4+
Kg8 35. Bd5+ Kh7 36. Be4+ Kg8 37. Re1 Be7 38. Bd5+ Kh7 39. Be4+ Kg8 40. Bd5+ 1/2-1/2

[Event "Olimpiade 2014 - Open"]
[Site "Tromsø"]
[Date "14.08.2014"]
[Round "11.26"]
[Board "2"]
[White "Kotsur, Pavel"]
[Black "Rohl Montes, Juan Armando"]
[Result "1/2-1/2"]
[WhiteTitle "GM"]
[BlackTitle "IM"]
[WhiteElo "2559"]
[BlackElo "2390"]
[WhiteTeam "Kazakhstan"]
[BlackTeam "Venezuela"]
[WhiteFideId "13700278"]
[BlackFideId "3900487"]
[EventDate "2014.08.02"]

1. e4 e6 2. d4 d5 3. Nd2 Nf6 4. e5 Nfd7 5. f4 c5 6. Ngf3 Nc6 7. Nb3 Qb6 8. dxc5
Nxc5 9. Be3 a5 10. Rb1 a4 11. Nbd4 Ne4 12. a3 Bd7 13. Bd3 Bc5 14. c3 O-O 15. O-O
f6 16. exf6 gxf6 17. Qe1 Rae8 18. Kh1 Rf7 19. Nc2 Bxe3 20. Qxe3 Qxe3 21. Nxe3
Nc5 22. Bc2 Ne7 23. Rbd1 Bc6 24. Rfe1 Rg7 25. h3 h5 26. Kh2 Kf7 27. Rd2 Reg8 28.
Nd4 f5 29. Nf3 Kf6 30. h4 Ne4 31. Bxe4 dxe4 32. Ng5 Nd5 33. Nxd5+ Bxd5 34. Rd4
b5 35. Kg3 Rc8 36. Kf2 Rgc7 37. Ke3 Rc5 38. Red1 R8c7 1/2-1/2

[Event "Olimpiade 2014 - Open"]
[Site "Tromsø"]
[Date "14.08.2014"]
[Round "11.26"]
[Board "3"]
[White "Guerrero Vargas, Andres"]
[Black "Khusnutdinov, Rustam"]
[Result "1/2-1/2"]
[WhiteTitle "FM"]
[BlackTitle "GM"]
[WhiteElo "2318"]
[BlackElo "2470"]
[WhiteTeam "Venezuela"]
[BlackTeam "Kazakhstan"]
[WhiteFideId "3902048"]
[BlackFideId "13701703"]
[EventDate "2014.08.02"]

1. Nf3 Nf6 2. c4 c5 3. Nc3 Nc6 4. d4 cxd4 5. Nxd4 e6 6. g3 Qb6 7. Ndb5 Bc5 8.
Nd6+ Ke7 9. Nde4 Nxe4 10. Nxe4 Bb4+ 11. Bd2 Bxd2+ 12. Qxd2 Qb4 13. Nc3 Qxc4 14.
Bg2 d5 15. Rc1 Qd4 16. Qc2 Qe5 17. O-O f5 18. g4 Rd8 19. gxf5 exf5 20. Qb3 d4
21. Na4 Rb8 22. Nc5 Rd6 23. Nd3 Qe6 24. Qa3 Kf7 25. Rc5 Kg8 26. Nf4 Qe7 27. Rd5
Rxd5 28. Bxd5+ Kf8 29. Qg3 Ra8 30. Rc1 Bd7 31. Qb3 Qg5+ 32. Qg3 Qxg3+ 33. hxg3
Ke7 34. Rc4 Rd8 35. b4 Be8 36. a4 g5 37. Bxc6 Bxc6 38. Nd3 a6 39. a5 Rd5 40. f4
gxf4 41. gxf4 Kd8 42. Rc1 Rd7 43. Ne5 Rg7+ 44. Kf1 Be4 45. Rd1 Rc7 46. Rxd4+ Ke7
47. Kf2 Ke6 48. Nd3 Bxd3 49. exd3 Rc6 50. Kg3 b6 51. axb6 Rxb6 52. Kh4 Rb5 53.
Kg5 a5 54. bxa5 1/2-1/2

[Event "Olimpiade 2014 - Open"]
[Site "Tromsø"]
[Date "14.08.2014"]
[Round "11.26"]
[Board "4"]
[White "Aitbayev, Aslan"]
[Black "Castro, Jose Luis"]
[Result "1/2-1/2"]
[WhiteTitle "IM"]
[BlackTitle "FM"]
[WhiteElo "2425"]
[BlackElo "2313"]
[WhiteTeam "Kazakhstan"]
[BlackTeam "Venezuela"]
[WhiteFideId "13704613"]
[BlackFideId "3901831"]
[EventDate "2014.08.02"]

1. e4 c5 2. Nf3 Nc6 3. Bb5 e6 4. O-O Nge7 5. Re1 a6 6. Bf1 d5 7. exd5 Nxd5 8. d4
Be7 9. c4 Nf6 10. Be3 O-O 11. Nc3 Ng4 12. d5 Nxe3 13. Rxe3 exd5 14. cxd5 Na5 15.
Ne4 Bd6 16. Nxd6 Qxd6 17. Qe1 b6 18. Rd1 Bg4 19. h3 Bxf3 20. Rxf3 Rfe8 21. Re3
Rxe3 22. Qxe3 b5 23. Qa3 Nc4 24. Bxc4 bxc4 25. Qc3 Rb8 26. g3 h5 27. h4 f5 28.
Rd2 f4 29. Kg2 fxg3 30. fxg3 Rb4 31. Qf3 Qe5 32. Qf4 Qxf4 33. gxf4 Kf7 34. Kf3
Ra4 35. a3 c3 36. bxc3 Rxa3 37. Ke4 Rxc3 38. d6 Ke8 39. Kd5 Kd7 40. Rg2 Rd3+ 41.
Kxc5 Rc3+ 42. Kd5 Rd3+ 43. Ke5 Re3+ 44. Kf5 Kxd6 45. Rg6+ Kd5 46. Rxg7 Rh3 47.
Ra7 Rxh4 48. Rxa6 Rh1 49. Ra2 Kd4 50. Ke6 h4 51. f5 h3 52. Ra4+ Kd3 53. Rh4 h2
54. Kf7 Rf1 1/2-1/2

[Event "Olimpiade 2014 - Open"]
[Site "Tromsø"]
[Date "14.08.2014"]
[Round "11.27"]
[Board "1"]
[White "Rahman, Ziaur"]
[Black "Grandelius, Nils"]
[Result "1/2-1/2"]
[WhiteTitle "GM"]
[BlackTitle "GM"]
[WhiteElo "2523"]
[BlackElo "2571"]
[WhiteTeam "Bangladesh"]
[BlackTeam "Sweden"]
[WhiteFideId "10200037"]
[BlackFideId "1710400"]
[EventDate "2014.08.02"]

1. d4 d5 2. Nf3 Nf6 3. c4 e6 4. g3 dxc4 5. Bg2 Bb4+ 6. Bd2 c5 7. O-O O-O 8. Bxb4
cxb4 9. Qc2 a5 10. Qxc4 b6 11. a3 Ba6 12. Qc2 bxa3 13. Nxa3 Nbd7 14. Rfe1 Rc8
15. Qd2 b5 16. b4 axb4 17. Nc2 Bb7 18. Nxb4 Nb6 19. Qg5 Nbd5 20. Nd3 Nc3 21. Qh4
Be4 22. Nc5 b4 23. Qf4 h6 24. h4 Bh7 25. Ne5 Nfd5 26. Qd2 Nb6 27. Nc6 Qd6 28.
Nb7 Qd7 29. Nc5 Qd6 30. Nb7 Qd7 31. Nc5 1/2-1/2

[Event "Olimpiade 2014 - Open"]
[Site "Tromsø"]
[Date "14.08.2014"]
[Round "11.27"]
[Board "2"]
[White "Hillarp Persson, Tiger"]
[Black "Abdulla, Al-Rakib"]
[Result "1-0"]
[WhiteTitle "GM"]
[BlackTitle "GM"]
[WhiteElo "2549"]
[BlackElo "2522"]
[WhiteTeam "Sweden"]
[BlackTeam "Bangladesh"]
[WhiteFideId "1700812"]
[BlackFideId "10200444"]
[EventDate "2014.08.02"]

1. d4 Nf6 2. c4 e6 3. Nc3 Bb4 4. Qc2 O-O 5. a3 Bxc3+ 6. Qxc3 d6 7. Bg5 Nbd7 8.
f3 h6 9. Bh4 e5 10. e4 c5 11. d5 Nxe4 12. Bxd8 Nxc3 13. Be7 Re8 14. Bxd6 Na4 15.
b3 Nab6 16. Ne2 e4 17. fxe4 Rxe4 18. O-O-O Nf6 19. Ng3 Bg4 20. Rd2 Re1+ 21. Kb2
Nbd7 22. Bd3 Rxh1 23. Nxh1 Re8 24. Ng3 Re1 25. b4 b6 26. h3 Bd1 27. Nf5 Ba4 28.
b5 Ne4 29. Re2 Rxe2+ 30. Bxe2 g6 31. Ne7+ Kf8 32. Nc8+ Nxd6 33. Nxd6 f5 34. Nc8
Ne5 35. Nxa7 1-0